|
|
|
|
| LEADER |
00000nam0a2200000 4500 |
| 001 |
277449 |
| 005 |
20231101235022.0 |
| 010 |
|
|
|b 5000 экз.
|
| 035 |
|
|
|a (RuTPU)RU\TPU\book\300723
|
| 090 |
|
|
|a 277449
|
| 100 |
|
|
|a 20141203d1929 m y0rusy50 ca
|
| 101 |
0 |
|
|a rus
|
| 102 |
|
|
|a RU
|
| 105 |
|
|
|a a z 001zy
|
| 200 |
1 |
|
|a Пример расчета центральной паровой электрической станции средней мощности
|f В. В. Политов, К. И. Шилов
|
| 210 |
|
|
|a Ленинград
|c Универсальное научное издательство "УНИЗДАТ"
|d 1929
|
| 215 |
|
|
|a 134 с., [2] вкл. л.
|c с 3 чертежами, 4 диаграммами и 17 таблицами
|
| 225 |
1 |
|
|a Технические расчеты. Под общей редакцией проф. В. Ю. Гиттиса
|
| 316 |
|
|
|5 63413507: М-133201
|a На титульном листе владельческая подпись: "Бутаков"
|
| 317 |
|
|
|5 63413507: М-133201
|a Поступила в НТБ в 1970 г. в составе книжного собрания профессора ТПИ И. Н. Бутакова
|
| 320 |
|
|
|a Приложения: с. 119-131
|
| 320 |
|
|
|a Литература: с. 132-133
|
| 512 |
1 |
|
|a Пример расчета Электрической станции
|
| 606 |
1 |
|
|a Электрические станции
|x Проектирование
|2 stltpush
|3 (RuTPU)RU\TPU\subj\27628
|9 51352
|
| 610 |
1 |
|
|a центральные электростанции
|
| 610 |
1 |
|
|a котельные установки
|
| 610 |
1 |
|
|a конденсационные установки
|
| 610 |
1 |
|
|a электрические установки
|
| 610 |
1 |
|
|a расчеты
|
| 610 |
1 |
|
|a владельческая надпись
|
| 610 |
1 |
|
|a библиотека И. Н. Бутакова
|
| 675 |
|
|
|a 621.311.2.001
|v 3
|
| 675 |
|
|
|a 09
|v 3
|
| 700 |
|
1 |
|a Политов
|b В. В.
|
| 701 |
|
1 |
|a Шилов
|b К. И.
|
| 801 |
|
1 |
|a RU
|b 63413507
|c 20141203
|
| 801 |
|
2 |
|a RU
|b 63413507
|c 20200114
|g RCR
|
| 942 |
|
|
|c BK
|